Welcome to CU Library Online Public Access Catalogue (OPAC)

Operations and supply management (Record no. 953)

MARC details
000 -LEADER
fixed length control field 00510nam a22001937a 4500
005 - DATE AND TIME OF LATEST TRANSACTION
control field 20241109115136.0
008 - FIXED-LENGTH DATA ELEMENTS--GENERAL INFORMATION
fixed length control field 241109b |||||||| |||| 00| 0 eng d
020 ## - INTERNATIONAL STANDARD BOOK NUMBER
International Standard Book Number 9780071284189
050 ## - LIBRARY OF CONGRESS CALL NUMBER
Classification number TS155.
Item number J27 JAC
100 ## - MAIN ENTRY--PERSONAL NAME
Personal name Jacobs, Robert F.
245 ## - TITLE STATEMENT
Title Operations and supply management
250 ## - EDITION STATEMENT
Edition statement 12th
260 ## - PUBLICATION, DISTRIBUTION, ETC.
Place of publication, distribution, etc. Boston
Name of publisher, distributor, etc. McGraw-Hill Irwin
Date of publication, distribution, etc. c2009
300 ## - PHYSICAL DESCRIPTION
Extent xix,776p
Other physical details ill.;
500 ## - GENERAL NOTE
General note Includes index
700 ## - ADDED ENTRY--PERSONAL NAME
Personal name Chase, Richard B.
700 ## - ADDED ENTRY--PERSONAL NAME
Personal name Aquilano, Nicholas J.
942 ## - ADDED ENTRY ELEMENTS (KOHA)
Source of classification or shelving scheme Library of Congress Classification
Koha item type Books
Suppress in OPAC No
999 ## -
-- 953
-- 953
Holdings
Withdrawn status Lost status Source of classification or shelving scheme Damaged status Not for loan Collection Home library Current library Shelving location Date acquired Total checkouts Full call number Barcode Date last seen Copy number Price effective from Koha item type
    Library of Congress Classification     Non-fiction Business Library (Miotso) Business Library (Miotso) General stacks 04/24/2026   TS155.J27 JAC BSSM00003983 04/24/2026 1 04/24/2026 Books
    Library of Congress Classification     Non-fiction Business Library (Miotso) Business Library (Miotso) General stacks 04/24/2026   TS155.J27 JAC BSSM00003984 04/24/2026 2 04/24/2026 Books
    Library of Congress Classification     Non-fiction Undergraduate Library (Christ Temple) Undergraduate Library (Christ Temple) General stacks 11/09/2024   TS155.J27 JAC ulct00000238 11/09/2024 1 11/09/2024 Books
    Library of Congress Classification     Non-fiction Undergraduate Library (Christ Temple) Undergraduate Library (Christ Temple) General stacks 11/09/2024   TS155.J27 JAC ulct00000239 11/09/2024 2 11/09/2024 Books
© 2023-2024 Copyright: Central University Libraries. All Rights Reserved | Created by: Mahone Tech Office